| 000 | 00548nam a2200181 a 4500 | ||
|---|---|---|---|
| 005 | 20140412111323.0 | ||
| 008 | 001113s19uu xx 00 eng d | ||
| 020 | _a1-86823-120-8 | ||
| 050 |
_aM 222.11 _bB628 1992 |
||
| 100 | _aBlackhouse, Halcyon | ||
| 245 |
_aNoah's story / _cHalcyon Blackhouse. |
||
| 260 |
_aCape Town, UK : _bStruik Christian Books, _c1992. |
||
| 300 | _a[20] p. ; ill. | ||
| 440 | _aNow I can Read Bible Stories Series | ||
| 650 | _aNoah (Biblical Figure) | ||
| 650 | _aBible Stories, O. T. (Genesis) | ||
| 999 |
_c104461 _d104461 |
||